000
00304nam a2200121Ia 4500
005
20251222152706.0
008
251222s9999||||xx |||||||||||||| ||spa||
082
_a
225.561/T46
100
_a
The Seed Company
245
0
_a
Nuevo Testamento de Nuestro SeƱor Jesucristo
250
_a
1ra.ed.
942
_c
LIB
999
_c
29010
_d
29010